|
|
|
|
| LEADER |
00000nam a2200000 a 4500 |
| 001 |
UCK2463 |
| 003 |
CL-VaPUC |
| 008 |
050113e19760000AG |||||||||||||||||spa|d |
| 020 |
|
|
|a 9501260585
|
| 082 |
0 |
4 |
|a 153.93
|b RAV
|2 21
|
| 100 |
0 |
|
|a Raven, J. C
|e author
|9 490307
|
| 245 |
1 |
0 |
|a Test de matrices progresivas: cuaderno de matrices; escala coloreada, Series A, Ab y B
|
| 300 |
|
|
|a pág. irreg
|
| 942 |
|
|
|c BK
|
| 945 |
|
|
|d 20050113 00:00:00
|a cmena
|
| 260 |
|
|
|a Buenos Aires
|b Paidós
|c 1976
|
| 500 |
|
|
|a Incluye Carpeta de evaluación del Test de Raven, Protocolo de Prueba, Plantilla de Puntuación
|
| 500 |
|
|
|a Para todas las Escalas se utiliza un único Manual
|
| 650 |
|
0 |
|a Desarrollo individual
|9 307875
|
| 650 |
|
0 |
|a Inteligencia
|9 267038
|
| 650 |
|
0 |
|a Cognición
|9 270347
|
| 650 |
|
0 |
|a Psicoanálisis
|9 265702
|
| 650 |
|
0 |
|a Desarrollo mental
|9 313003
|
| 583 |
|
|
|a last modification
|c 20050113 00:00:00
|k Rodrigo Vera
|
| 999 |
|
|
|c 311979
|d 311977
|
| 952 |
|
|
|0 0
|1 0
|4 0
|6 153_930000000000000_RAV_1976
|7 0
|8 R
|9 381756
|a BIBEDU
|b BIBEDU
|c MCIRC
|d 2019-11-21
|i 4092694
|o 153.93 RAV 1976
|p 4092694
|r 2023-01-13
|w 2019-11-21
|y BK_R
|k PSI
|